Southville International School and Colleges
Your cart is empty.
  • Cart
  • Lists
    Public lists Eva Luna New books Lux_list list_1
    Your lists Log in to create your own lists
  • Log in to your account
  • Your cookies
  • Search history
Southville International School and Colleges
  • Advanced search
  • Recent comments
  • Most popular
  • Libraries

Log in to your account

Log in with GOOGLE


If you do not have an external account, but do have a local account, you can still log in:

  1. Home
  2. MARC view: The explorer's gazette :
Normal view MARC view ISBD view

The explorer's gazette : (Record no. 339832)

[ view plain ]
MARC details
000 -LEADER
fixed length control field 00760nam a2200277Ia 4500
008 - FIXED-LENGTH DATA ELEMENTS--GENERAL INFORMATION
fixed length control field 170711s9999 xx 000 0 und d
020 ## - INTERNATIONAL STANDARD BOOK NUMBER
International Standard Book Number 439676533
050 ## - LIBRARY OF CONGRESS CALL NUMBER
Classification number 910.3
050 ## - LIBRARY OF CONGRESS CALL NUMBER
Item number H449 2004
100 ## - MAIN ENTRY--PERSONAL NAME
Personal name Heckscher, Melissa
245 #4 - TITLE STATEMENT
Title The explorer's gazette :
245 ## - TITLE STATEMENT
Remainder of title amazing stories of 30 real-life journeys /
245 ## - TITLE STATEMENT
Statement of responsibility, etc by Melissa Heckscher and Mark Shulman.
260 ## - PUBLICATION, DISTRIBUTION, ETC. (IMPRINT)
Place of publication, distribution, etc New York :
260 ## - PUBLICATION, DISTRIBUTION, ETC. (IMPRINT)
Name of publisher, distributor, etc Scholastic,
260 ## - PUBLICATION, DISTRIBUTION, ETC. (IMPRINT)
Date of publication, distribution, etc 2004
300 ## - PHYSICAL DESCRIPTION
Other physical details some colored illustrations ;
300 ## - PHYSICAL DESCRIPTION
Dimensions 26cm.
650 ## - SUBJECT ADDED ENTRY--TOPICAL TERM
Topical term or geographic name as entry element Discoveries in geography --
650 ## - SUBJECT ADDED ENTRY--TOPICAL TERM
Topical term or geographic name as entry element Discoveries in geography.
650 ## - SUBJECT ADDED ENTRY--TOPICAL TERM
Topical term or geographic name as entry element Explorers --
650 ## - SUBJECT ADDED ENTRY--TOPICAL TERM
General subdivision Juvenile literature.
650 ## - SUBJECT ADDED ENTRY--TOPICAL TERM
General subdivision Juvenile literature.
700 ## - ADDED ENTRY--PERSONAL NAME
Personal name Shulman, Mark.
700 ## - ADDED ENTRY--PERSONAL NAME
Personal name Title.

No items available.

The explorer's gazette :

APA

Heckscher M., Shulman M. & Title.The explorer's gazette. New York: .

Chicago

Heckscher Melissa, Shulman Mark and Title.The explorer's gazette. New York: .

Harvard

Heckscher M., Shulman M. and Title.The explorer's gazette. New York: .

MLA

Heckscher Melissa, Shulman Mark and Title.New York: . .

  • Print
  • Cite
  • Add to your cart (remove)
  • Save record
    BIBTEX Dublin Core MARCXML MARC (non-Unicode/MARC-8) MARC (Unicode/UTF-8) MARC (Unicode/UTF-8, Standard) MODS (XML) RIS
  • More searches
    Search for this title in:
    Other Libraries (WorldCat) Other Databases (Google Scholar) Online Stores (Bookfinder.com) Open Library (openlibrary.org)

Exporting to Dublin Core...

SOUTHVILLE LIBRARY

Southville International School and Colleges Library

1281 Tropical Ave. Cor. Luxembourg St., BF Homes International, Las Pinas City

Tel. No. 8256374 / 252358 Loc. 117/146

Powered by Koha